000 00449nam a2200193Ia 4500
005 20250603145036.0
008 250603s9999 xx 000 0 und d
020 _a9781292027333
050 _aHF 1359 .C65/
100 _aCohn, Theodore H.
245 0 _aGlobal political economy: theory and practice
250 _a7th ed.
260 _aBoston
260 _bPearson
260 _c2014
300 _a404 p
650 _aBoston
942 _cBK
999 _c40697
_d40697